Biathlon World Cup Overall Winners - Men - Statistics

General Stats
  • This quiz has been taken 540 times
    470 since last reset
  • The average score is 20 of 44
Answer Stats
Season Winner % Correct
2020-21 Johannes Thingnes Bø
99%
2019-20 Johannes Thingnes Bø
99%
2018-19 Johannes Thingnes Bø
99%
2010-11 Tarjei Bø
97%
2017-18 Martin Fourcade
93%
2016-17 Martin Fourcade
93%
2015-16 Martin Fourcade
93%
2014-15 Martin Fourcade
93%
2013-14 Martin Fourcade
93%
2012-13 Martin Fourcade
93%
2011-12 Martin Fourcade
93%
2008-09 Ole Einar Bjørndalen
78%
2007-08 Ole Einar Bjørndalen
78%
2005-06 Ole Einar Bjørndalen
78%
2004-05 Ole Einar Bjørndalen
78%
2002-03 Ole Einar Bjørndalen
78%
1997-98 Ole Einar Bjørndalen
78%
2009-10 Emil Hegle Svendsen
46%
2003-04 Raphaël Poirée
46%
2001-02 Raphaël Poirée
46%
2000-01 Raphaël Poirée
46%
1999-00 Raphaël Poirée
46%
1998-99 Sven Fischer
37%
1996-97 Sven Fischer
37%
1987-88 Fritz Fischer
36%
2006-07 Michael Greis
20%
1981-82 Frank Ullrich
10%
1980-81 Frank Ullrich
10%
1979-80 Frank Ullrich
10%
1977-78 Frank Ullrich
10%
1986-87 Frank-Peter Roetsch
8%
1984-85 Frank-Peter Roetsch
8%
1983-84 Frank-Peter Roetsch
8%
1982-83 Peter Angerer
7%
1988-89 Eirik Kvalfoss
6%
1995-96 Vladimir Drachev
5%
1978-79 Klaus Siebert
4%
1994-95 Jon Åge Tyldum
3%
1991-92 Jon Åge Tyldum
3%
1992-93 Mikael Löfgren
3%
1993-94 Patrice Bailly-Salins
3%
1990-91 Sergei Tchepikov
3%
1989-90 Sergei Tchepikov
3%
1985-86 André Sehmisch
2%
No matching quizzes found
Score Distribution
Percent of People with Each Score
Percentile by Number Answered
Your Score History
You have not taken this quiz since the last reset